Normal view
MARC view
- ISLAM-HADITH-TAFEEM-UL-BOKHARI BOKHARI SHARIF
Entry Topical Term
001 - CONTROL NUMBER
- control field: 66496
003 - CONTROL NUMBER IDENTIFIER
- control field: NUST
005 - DATE AND TIME OF LATEST TRANSACTION
- control field: 20210628203612.0
008 - FIXED-LENGTH DATA ELEMENTS
- fixed length control field: 210628|| aca||aabn | a|a d
040 ## - CATALOGING SOURCE
- Original cataloging agency: NUST
- Transcribing agency: NUST
150 ## - HEADING--TOPICAL TERM
- Topical term or geographic name entry element: ISLAM-HADITH-TAFEEM-UL-BOKHARI BOKHARI SHARIF
670 ## - SOURCE DATA FOUND
- Source citation: Work cat.: (NUST): Ghulam Rasool Rizvi.Allama 66495, Tafeem-ul-bokhari, 1985
